000 00414pab a2200157 454500
008 180718b2015 xxu||||| |||| 00| 0 eng d
100 _aMcCaig, Brain
245 _aInformal employment in a growing and globlization low- income country
260 _c2015
300 _ap.545-550.
362 _aMay
650 _aEmployment
700 _aPavcnik, Nina
773 _aAmerican Economic Review
909 _a108236
999 _c108231
_d108231